000 00625nam a2200205Ia 4500
005 20241129110037.0
008 241129s9999||||xx |||||||||||||| ||und||
037 _aTB
040 _aARTS
_beng
_cARTS
041 _aeng
_2urd
084 _aV2,1.K18 168P7.1-.4 (RR)
_qARTS
100 _aKhan Hashim Ali Au.
_9727025
245 0 _aMuntakhib al-lubab: Mughlia daur-e-hukumat
_cKhan Hashim Ali Au.
260 _aNew Delhi, India
_bNew Farid Book depot
_c2005
365 _aINR
_b1500
490 _vV3- V.3-4
650 _aHistory-India
942 _cTB
_hV2,1.K18 168P7.1-.4 (RR)
999 _c1227116
_d1227116